000 00760nam a2200265Ia 4500
003 OSt
005 20221006160053.0
006 a|||||r|||| 00| 0
007 ta
008 221006b |||||||| |||| 00| 0 eng d
020 _a9783939633372
_c
_49.95
024 _a44,200
037 _bGift, KCC (Window on Korea)
_cTextual
040 _aEASL
_cEASL
_beng
041 _2eng
_aeng
082 _aNA495, P7
100 _aKim Sung Hong etc. Ed.
_9671766
245 0 _aContemporary Korean architecture
_b Megacity network
260 _aBerlin
_bVerlag
_c2007
300 _a263p.
_ccm.
490 _v KEL
650 _aKEL
942 _hNA495, P7
_cTEXL
_2CC
999 _c1112292
_d1112292